| 000 | 00607nam a2200205 a 4500 | ||
|---|---|---|---|
| 001 | 23007 | ||
| 003 | CO-ViMGA | ||
| 008 | 141112s2004 ck r 000 u spa d | ||
| 020 | _a9580481725 | ||
| 040 |
_aCO-ViMGA _bspa _cCO-ViMGA |
||
| 082 | 0 | 4 | _aWILe |
| 100 | 1 |
_aWilfert, Stefan _933072 |
|
| 245 | 1 | 0 | _aEl laberinto de los acertijos |
| 260 |
_aColombia : _bNorma |
||
| 300 | _a159p. | ||
| 505 | _aPresentacion, El laberinto de los acertijos, Pista para resolver los acertijos, Respuesta | ||
| 650 | 1 | 4 |
_aADIVINANZAS - CUENTOS JUVENILES _933073 |
| 650 | 1 | 4 | _aCUENTOS INFANTILES ALEMANES |
| 942 |
_2ddc _cBK |
||
| 999 |
_c31293 _d31293 |
||